000
00185 a2200097 4500
020
_a
9780028643069
041
_a
spa
100
_a
ANNE P. MARK
245
_a
LACTANCIA MATERNA
942
_c
BK
999
_c
4151
_d
4151